000 00660nam a22002172 4500
001 0000000577
005 20151217161126.0
008 070212s xx 000 0 eng d
020 _a0946462402 :
040 _aKABU
_cKABU
050 0 _aBR95
_b.M367 2001
100 1 _aManton, M. E.
_@0000148806
245 1 2 _aA Dictionary of theological terms /
_cM. E. Manton; general editor H. J. Appleby.
250 _arev. ed.
260 _aLondon :
_bGrace Publications,
_c2001.
300 _a127 p. ;
_c22 cm.
650 0 _aTheology
_vDictionaries.
_@0000148793
908 _a070212
950 _@1
999 _c14834
_d14834